Inteligencia artificial : (Registro nro. 61816)

Detalles MARC
000 -LEADER
campo de control de longitud fija 02610 a2200493 04500
003 - IDENTIFICADOR DE NÚMERO DE CONTROL
campo de control PE-LiUPU
005 - FECHA Y HORA DE LA ÚLTIMA TRANSACCIÓN
campo de control 20250731165651.0
008 - DATOS DE LONGITUD FIJA--INFORMACIÓN GENERAL
campo de control de longitud fija 991231s 2001sp spa d
020 ## - NÚMERO INTERNACIONAL ESTÁNDAR DEL LIBRO
Número Internacional Estándar del Libro 8448128249
040 ## - FUENTE DE CATALOGACIÓN
Centro catalogador/agencia de origen BUniversidad Montemorelos
Lengua de catalogación spa
Centro/agencia transcriptor PE-LiUPU
Centro/agencia modificador PE-LiUPU
Normas de descripción rda
082 04 - NÚMERO DE LA CLASIFICACIÓN DECIMAL DEWEY
Número de clasificación 006.3
Cutter N712i
Número de edición 23
100 1# - ENTRADA PRINCIPAL--NOMBRE DE PERSONA
Nombre de persona Nilsson, Nils J.,
Fechas asociadas al nombre 1933-
Término indicativo de función/relación autor
245 10 - MENCIÓN DEL TÍTULO
Título Inteligencia artificial :
Resto del título una nueva síntesis /
Mención de responsabilidad, etc. Nils J. Nilsson.
250 ## - MENCION DE EDICION
Mención de edición Primera edición
264 ## - PRODUCCIÓN, PUBLICACIÓN, DISTRIBUCIÓN, FABRICACIÓN Y COPYRIGHT
Producción, publicación, distribución, fabricación y copyright Madrid, Espana :
Nombre del de productor, editor, distribuidor, fabricante McGraw-Hill Interamericana de España,
Fecha de producción, publicación, distribución, fabricación o copyright 2001.
300 ## - DESCRIPCIÓN FÍSICA
Extensión xix, 458 páginas :
Otras características físicas ilustraciones ;
Dimensiones 25 centímetros.
500 ## - NOTA GENERAL
Nota general Título original : Artificial intelligence : a new synthesis
-- Incluye índice
504 ## - NOTA DE BIBLIOGRAFÍA, ETC.
Nota de bibliografía, etc. Bibliografía paginas 407-432
505 ## - NOTA DE CONTENIDO CON FORMATO
Nota de contenido con formato Introducción -- SISTEMAS REACTIVOS: Agentes de estímulo-respuesta -- Redes neuronales -- Sistemas evolutivos -- Sistemas con estados -- Visión artificial -- BÚSQUEDA EN ESPACIOS DE ESTADO: Agentes que planifican -- Búsqueda a ciegas -- Búsqueda heurística -- Planificación, actuación y aprendizaje -- Métodos alternativos de búsqueda y otras aplicaciones -- Búsqueda en problemas de juegos -- REPRESENTACIÓN DEL CONOCIMIENTO Y RAZONAMIENTO: El cálculo proporcional -- La resolución en el cálculo proporcional -- El cálculo de predicados -- La resolución en el cálculo de predicados -- Sistemas basados en conocimiento .. Representación del sentido común -- Razonamiento con incertidumbre -- Aprendizaje y actuación con redes bayesianas -- MÉTODOS DE PLANIFICACIÓN BASADOS EN LÓGICA: El cálculo de situaciones -- planificación -- COMUNICACIÓN E INTEGRACIÓN: Múltiples agentes -- Comunicación entre agentes -- Arquitecturas de agente -- Bibliografía.
526 ## - NOTA DE INFORMACIÓN SOBRE EL PROGRAMA DE ESTUDIO
Nombre del programa Segunda Especialidad En Estadística Aplicada Para Investigación (A Distancia)
526 ## - NOTA DE INFORMACIÓN SOBRE EL PROGRAMA DE ESTUDIO
Nombre del programa Segunda Especialidad En Estadística Aplicada Para Investigación
526 ## - NOTA DE INFORMACIÓN SOBRE EL PROGRAMA DE ESTUDIO
Nombre del programa Ingeniería De Ciberseguridad
526 ## - NOTA DE INFORMACIÓN SOBRE EL PROGRAMA DE ESTUDIO
Nombre del programa Ingeniería De Ciencia De Datos E Inteligencia Artificial
526 ## - NOTA DE INFORMACIÓN SOBRE EL PROGRAMA DE ESTUDIO
Nombre del programa Ingeniería De Software
526 ## - NOTA DE INFORMACIÓN SOBRE EL PROGRAMA DE ESTUDIO
Nombre del programa
526 ## - NOTA DE INFORMACIÓN SOBRE EL PROGRAMA DE ESTUDIO
Nombre del programa Comunicación Y Periodismo
526 ## - NOTA DE INFORMACIÓN SOBRE EL PROGRAMA DE ESTUDIO
Nombre del programa Maestría En Ingeniería De Sistemas Con Mención En Dirección Y Gestión De Tecnologías De Información (Semipresencial)
526 ## - NOTA DE INFORMACIÓN SOBRE EL PROGRAMA DE ESTUDIO
Nombre del programa Maestría En Ingeniería De Sistemas Con Mención En Dirección Y Gestión De Tecnologías De Información (A Distancia)
526 ## - NOTA DE INFORMACIÓN SOBRE EL PROGRAMA DE ESTUDIO
Nombre del programa Doctorado en ingeniería de sistemas
526 ## - NOTA DE INFORMACIÓN SOBRE EL PROGRAMA DE ESTUDIO
Nombre del programa Maestría en ingeniería de sistemas con mención en Ingeniería de software
526 ## - NOTA DE INFORMACIÓN SOBRE EL PROGRAMA DE ESTUDIO
Nombre del programa Maestría en ingeniería de sistemas con mención en Dirección y gestión de tecnologías de información
526 ## - NOTA DE INFORMACIÓN SOBRE EL PROGRAMA DE ESTUDIO
Nombre del programa Ingeniería de sistemas
526 ## - NOTA DE INFORMACIÓN SOBRE EL PROGRAMA DE ESTUDIO
Nombre del programa Educación secundaria, especialidad matemática e informática
650 14 - PUNTO DE ACCESO ADICIONAL DE MATERIA--TÉRMINO DE MATERIA
Término de materia o nombre geográfico como elemento de entrada Inteligencia artificial
650 14 - PUNTO DE ACCESO ADICIONAL DE MATERIA--TÉRMINO DE MATERIA
Término de materia o nombre geográfico como elemento de entrada Redes neurales (Informática)
650 14 - PUNTO DE ACCESO ADICIONAL DE MATERIA--TÉRMINO DE MATERIA
Término de materia o nombre geográfico como elemento de entrada Visión por computador
650 14 - PUNTO DE ACCESO ADICIONAL DE MATERIA--TÉRMINO DE MATERIA
Término de materia o nombre geográfico como elemento de entrada Métodos de simulación
700 ## - ENTRADA AGREGADA--NOMBRE PERSONAL
Nombre de persona Marín Morales, Roque
9 (RLIN) 1155
Término indicativo de función/relación traductor
700 ## - ENTRADA AGREGADA--NOMBRE PERSONAL
Nombre de persona Palma Mendez, Tomás
Término indicativo de función/relación traductor
9 (RLIN) 1199
700 ## - ENTRADA AGREGADA--NOMBRE PERSONAL
Nombre de persona Paniagua Aris, Enrique
Término indicativo de función/relación traductor
9 (RLIN) 1200
942 ## - ELEMENTOS DE ENTRADA SECUNDARIOS (KOHA)
Tipo de ítem Koha Libros físicos
Fuente del sistema de clasificación o colocación Clasificación Decimal Dewey
Suprimir en OPAC No
980 ## - EQUIVALENCIA O REFERENCIA-CRUZADA-MENCIÓN DE SERIE--NOMBRE DE PERSONA/TÍTULO [LOCAL, CANADÁ]
ID del usuario creador del registro 21515
Nombre del creador del registro DIGNA BRAÑES Analista Documental
ID del último usuario que modificó el registro 1
Nombre del último usuario que modificó el registro ALBERTO SANCHEZ Responsable de Automatización
Existencias
Visto por última vez Total de préstamos Signatura topográfica completa Código de barras Fecha del último préstamo Copia número Fecha de reemplazo Facultad Tipo de ítem Koha Nota pública Estado de pérdida Fuente del sistema de clasificación o colocación Restricciones de uso No para préstamo Colección Programa académico Biblioteca de origen Biblioteca actual Ubicación en estantería Fecha de adquisición Fuente de adquisición
2026-05-11 1 006.3 N712i 81426 2026-05-07 e1 2023-06-01 FIA Libros físicos inventario-2023-12-13 No Perdido Clasificación Decimal Dewey No restringido Disponible para préstamos Colección General Ingeniería de sistemas Biblioteca CRAI UPeU Lima Biblioteca CRAI UPeU Lima Sala principal 2019-09-17 Donación